000
00310nam a2200109Ia 4500
001
1277348
005
20260417160505.0
008
260417s9999 xx 000 0 und d
020
_a
9772149467977
245
0
_a
Zehir Gibi Kafalar Robotlar Gerçekten Akıllı mıdır
_c
Federico Taddia
260
_b
Ketebe Çocuk
999
_c
1277348
_d
1277348